00436nam a2200145 4500001000700000003000900007007000300016008004100019245001200060260004400072300004100116490005600157830005600213852002100269109982ES-MaACLt|061121s1953 fr r ||||1| fre d00aMoines. aParis : bDesclée de Brouwer, c1953. a222 p. ; c19 cm + e1 gráf. pleg.1 aTémoignages. Cahiers de la pierre qui-vire ; v260 aTémoignages. Cahiers de la pierre qui-vire ; v26 aES-MaACLjE-4884